| 000 | 00431cam a22001337a 4500 | ||
|---|---|---|---|
| 008 | 180718b1980 xxu||||| |||| 00| 0 eng d | ||
| 082 | _aH52x73 C661 | ||
| 245 |
_aImproving management in criminal justice _cedited by Alvin W. Cohn and Benjamin Ward |
||
| 260 |
_aBeverly Hills _bSage _c1980 |
||
| 300 | _a159p. | ||
| 650 | _aCriminal justice, Administration of --United States | ||
| 700 | _aWard, Benjamin | ||
| 700 | _aCohn, Alvin W. | ||
| 999 |
_c343138 _d343138 |
||